Statistiques concernant Top 14, clubs de la saison 2019-2020.

Cliquez ici pour prendre le quiz!

Statistiques générales

  • Ce quiz a été pris 229 fois
    (100 depuis la dernière actualisation)
  • Le résultat moyen est 13 sur 14

Statistiques - réponses

Classement saison 2019Clubs% Correct
1er Stade toulousain
99%
8e Stade français Paris
99%
2e ASM Clermont
96%
9e RC Toulon
96%
4e Racing 92
96%
3e Lyon OU
96%
10e Union Bordeaux Bègles
95%
1er (ProD2) Aviron bayonnais
95%
5e Stade rochelais
92%
6e Montpellier HR
92%
7e Castres olympique
91%
11e Section paloise
90%
2e (ProD2) CA Brive
77%
12e SU Agen
73%

Distribution des résultats

Percentile par nombre de réponses

% des personnes avec chaque résultat

Votre développement - résultats

Vous n’avez pas pris ce quiz depuis la dernière actualisation